|
|
|
|
| LEADER |
00000cam a2200000 7i4500 |
| 001 |
0000004886 |
| 002 |
000005269 |
| 005 |
20000330.0 |
| 020 |
|
|
|a 9839017500
|
| 090 |
0 |
0 |
|a 297.52
|b ABU
|
| 100 |
0 |
|
|a Abul Khairy Al-Latiff
|
| 245 |
1 |
0 |
|a Kelebihan bulan dan hari serta amalan wirid dan doa
|c Abul Khairy Al Latifi
|
| 260 |
|
|
|a Kuala Lumpur :
|b Darul Nu'man ,
|c 1993
|
| 300 |
|
|
|a 300 p. ;
|c 21 cm.
|
| 650 |
0 |
0 |
|a Islamic prayers
|
| 999 |
|
|
|a 00073855
|b BUKU
|c PINJAMAN
|e PERPUSTAKAAN KOMUNITI PETALING JAYA
|
| 999 |
|
|
|a 00073856
|b BUKU
|c PINJAMAN
|e PERPUSTAKAAN KOMUNITI PETALING JAYA
|
| 999 |
|
|
|a 00141778
|b BUKU
|c PINJAMAN
|e PERPUSTAKAAN KOMUNITI PETALING JAYA
|
| 999 |
|
|
|a 034813
|b BUKU
|c PINJAMAN
|e PERPUSTAKAAN KOMUNITI PETALING JAYA
|
| 999 |
|
|
|a 034814
|b BUKU
|c PINJAMAN
|e PERPUSTAKAAN KOMUNITI PETALING JAYA
|